000 01854ncm a2200373 a 4500
999 _c351487
_d351487
003 BLK
005 20250329160042.0
008 200330b bu ||||| |||| 00| 0 bu d
040 _aBLK
041 _aBUL
_cBUL
080 _aМузика за духови инструменти
_b788
_z788
139 _aАнсамблови пиеси за дървени духови инструменти и валдхорна [Нотирана музика]
_bА 73
245 _aАнсамблови пиеси за дървени духови инструменти и валдхорна [Нотирана музика]
_bЧ. 1-2
_cсъстав. и прераб. Тодор Попов
_nЧ. 1
260 _9209548
_aСофия
_bНаука и изкуство
_c1968-1971
300 _c31 см
380 _a7
505 _rС. Прокофиев.
_tПет мимолетности
505 _rКлод Дебюси.
_tМалкото овчарче
505 _rЕдвард Григ
_tТанц на елфите ; Норвежки танц ; Менует ; Птичка
650 0 _aДухови музикални инструменти
_9275013
650 0 _9362392
_aВалдхорна - сонати, пиеси
650 0 _9354027
_aАнсамбли - камерни
650 0 _aОркестри, струнни инструменти
_9353168
653 7 _9193747
_aпиеси
653 7 _9185612
_aдухови оркестри
653 7 _9185611
_aдухови музикални инструменти
653 7 _9182842
_aвалдхорни
700 _9402925
_aПопов, Тодор Иванов
_eсъстав. и прераб.
760 _d1968
_h35 с.
_oЧ. 1
_tЧ. 1
852 _aЦб М ІІ 4900
_bИП
942 _cNOT
_n0
_s1
944 _aCR
_c2020-04-04
_lГеновева Генчева
_k30560
999 _d351487